Normal view MARC view
  • Joint Center for Housing Studies of Harvard University

Entry Corporate Name

Number of records used in: 2

001 - CONTROL NUMBER

  • control field: 5768

003 - CONTROL NUMBER IDENTIFIER

  • control field: SIRSI

005 - DATE AND TIME OF LATEST TRANSACTION

  • control field: 20190806150246.0

008 - FIXED-LENGTH DATA ELEMENTS

  • fixed length control field: 090715n| acannaabn |n ana d

040 ## - CATALOGING SOURCE

  • Original cataloging agency: OSt
  • Transcribing agency: OSt

110 2# - HEADING--CORPORATE NAME

  • Corporate name or jurisdiction name as entry element: Joint Center for Housing Studies of Harvard University

670 ## - SOURCE DATA FOUND

  • Source citation: The state of the nation's housing 2009, 2009